Le télé-quiz de Noël... - Statistiques

Statistiques générales
  • Ce quiz a été pris 52 fois
    43 depuis la dernière actualisation
  • Le résultat moyen est 25 sur 29
Statistiques - réponses
Question Réponse % Correct
Kate est... Belle, intelligente et visiblement très indépendante, au village on lui avait dit qu'elle n'était sortie avec aucun homme depuis la mort de Mike, son mari déployé en Irak. Heureusement pour Philip, le golden retriever de feu son mari, Mike, déployé en Irak, semble l'apprécier, elle accepte de lui louer la chambre
100%
Après un baiser langoureux, la magie de Noël le pousse à proposer à Kate de l'accompagner chez sa sœur... Elle accepte avec joie, Charlie, le golden retriever de Mike, son défunt mari déployé en Irak, est déjà dans la voiture
100%
Ce soir là, Philip rentre très tard au ranch, Kate lui en veut mais il s'explique... Il était à la bibliothèque, il cherchait un recours juridique à la décision de John
100%
On lui propose de le déposer au ranch Thompson qui fait aussi B&B, arrivé là bas, il découvre... Kate, jeune veuve de 33 ans qui a décidé de garder le ranch envers et contre tous après la mort de Mike, son mari, déployé en Irak
100%
Sur ces entrefaites, arrive John, c'est... Le propriétaire de la jument, il est riche, beau et ses cheveux sont en bataille
100%
Le mot "FIN" écrit en Monotype corsiva s'affiche sur l'écran tandis que la caméra dézoome sur le village illuminé, le générique défile sur... Let It Snow de Dean Martin
100%
Malgré les protestations de John, Kate décide d'appeler Alec, c'est... Le vétérinaire et un ami d'enfance de Kate, elle lui fait entièrement confiance
100%
Alec est appelé pour une urgence et lui laisse 24h pour prendre sa décision. De son côté Kate est... Scandalisée, la famille de John est extrêment riche, il pourrait largement payer l'opération, elle s'était visiblement trompée à son sujet
100%
Kate et John semblent s’apprécier, cette information... Agace Philip, ce John n'est clairement pas assez bien pour elle, Charlie, le golden retriever du mari décédé de Kate, Mike, déployé en Irak, est d'accord
86%
Il décide de traverser le pays en voiture mais celle-ci se met à fumer alors qu'il est... Aux abords d'un village charmant où tous les habitants semblent se connaître et s'apprécier
86%
Philip est un trentenaire New Yorkais très occupé, son téléphone est greffé à sa main, c'est un... Avocat des affaires très talentueux
86%
Le golden retriever de Mike, le mari déployé en Irak de Kate, s'appelle... Charlie
86%
Pour sauver la jument, Kate décide de... Faire une levée de fond dans le village pour récolter assez d'argent afin de payer l'opération de la jument
86%
Alors qu'Alec est sur le point d'injecter le produit qui, pour des raisons biologiques peu claires, condamnera in fine la jument et empêchera de faire l'opération. Philip arrive... Il est accompagné d'une policière, il a trouvé un article de loi qui, non seulement empêche John de prendre cette décision, mais lui fait aussi perdre la propriété de la jument (TGCUTFDN)
86%
Il prépare ses affaires et se rend à l'aéroport, malheureusement son avion ne peut pas partir parce que... Il y a une énorme tempête de neige, la plus grosse depuis au moins cinquante ans
86%
Le lendemain, au ranch, c'est la panique... La gestation d'une ancienne jument de course ne se passe pas très bien
86%
Suite à ce coup de fil, Philip décide de passer les Fêtes de la Nativité avec sa sœur, cette décision... L'ennuie, il a autre chose à faire que de décorer un sapin et offrir des cadeaux alors que le dossier MacCarter contre Vanden Bild n'est pas clos !
86%
Ils arrivent dans la salle des fêtes décorée pour l'occasion, le gagnant vient d'être déclaré, il décide de consacrer le chèque qu'il a gagné à... L'opération de la jument, Kate et Philip sont aux anges
86%
Mais à Singapour, on va se coucher à cette heure là. Le lendemain matin... Philip aide Kate à s'occuper des chevaux, elle manque de tomber dans le foin, il la rattrapera en glissant un "Dommage qu'il n'y ait pas de houx dans cette écurie"
86%
Quelques jours avant Noël, sa sœur l'appelle... Pour lui dire qu'ils se sont à peine vus depuis la mort de leur mère 4 ans plus tôt et que ses neveux et nièces savent à peine à quoi il ressemble !
86%
Philip réalise alors... Qu'ils sont juste en dessous d'un bouquet de houx, ils doivent agir en conséquence...
86%
Le diagnostic est mauvais, un choix doit être fait : 1. Interrompre la gestation pour assurer la survie de la jument. 2. Essayer de sauver les deux par une opération qui coûtera très cher. 3. Favoriser le développement du poulain au détriment de la survie de la jument. John choisit de... Sauver le poulain, la fécondation lui a coûté beaucoup d'argent et ce poulain sera forcément un crack
86%
Dépités, Kate et Philip retournent faire du porte à porte au village. Les rues sont désertes... Tout le monde est au concours de Père Noël
86%
Le soir même, Philip envoie un mail à un copain rencontré... Chez les Kappa Sigma Gamma, la fraternité à laquelle il appartenait quand il était à Harvard.
71%
Dans la foulée, Kate et Philip vont au village pour faire du porte à porte. Philip disparait assez rapidement mais, de manière inattendue, Kate trouve de l'aide parmi les participants du concours de Père Noël. A la fin de la journée... Elle a récolté une somme coquette mais c'est loin d'être assez pour l'opération
71%
John revient au ranch où il a rendez vous avec Alec, Kate essaie de lui faire entendre raison... Il refuse et lui mansplaine que cette jument ne court plus, elle ne lui rapportera plus d'argent alors que le poulain, lui, sera un crack
71%
John réagit en disant que... Ils entendront parler de ses avocats (les membres du barreau)
71%
Là, le garagiste lui annonce qu'il en a pour plusieurs jours avant de pouvoir réparer la voiture, il peut aller à l'auberge du village mais celle-ci est... Complète, entièrement réservée par les participants de la compétition du meilleur Père Noël
57%
Alors que Kate et Philip s'embrassent, il y a un problème... Le gagnant est introuvable, personne ne répond au nom de Santa Queloss...
57%
Aucun quiz correspondant
Distribution des résultats
% des personnes avec chaque résultat
Percentile par nombre de réponses
Votre historique - résultats
Vous n’avez pas pris ce quiz depuis la dernière actualisation